| 000 | 00476nam a2200169Ia 4500 | ||
|---|---|---|---|
| 008 | 090201s9999 xx 000 0 und d | ||
| 010 | _aKPL-44742 | ||
| 040 | _bमराठी | ||
| 041 | _aमराठी | ||
| 082 |
_a32566 _b44742 |
||
| 100 | _aबाबा कदम | ||
| 245 |
_aघायाळ _cबाबा कदम |
||
| 260 |
_c2004 _bशशिदीप प्रकाशन |
||
| 300 |
_a332 _bमोठा |
||
| 600 | _aघायाळ | ||
| 942 | _cBOOK | ||
| 999 |
_c230874 _d230874 |
||